000 00506nam a2200217Ia 4500
003 0100
008 130303s9999 xx 000 0 und d
020 _a567086631
040 _cARRUPELIB
050 _aBT821.M73B323
100 _aBauckham, Richard
245 _aGod will be all in all
245 _bthe eschatology of Jurgen Moltmann
260 _aEdinburgh
260 _bT T Clark
260 _C1999
300 _axv
300 _b 295p. 21cm.
700 _aRichard Bauckham
942 0 0 _01
999 _c12796
_d12796